000 01108nam a22002537a 4500
003 OSt
005 20250917083705.0
008 240228b ||||| |||| 00| 0 eng d
040 _c0
082 _aDPer 621.317 Ie21 June 2022 v. 37 n. 6
100 _aHuang, Yang.
_eauthor.
_953630
245 _aA novel zero/reduced common-mode voltage modulation scheme for a dual three-phase motor drive system in full modulation span /
_cYang Huang, Jared Walden, Ximu Zhang, Yu Yan, Hua Bai, Fanning Jin, and Bing Cheng.
260 _aNew York ;
_bThe Institute of Electrical and Electronics Engineers, Inc. ,
_cJune 2022.
300 _aVolume 37, pages 6765-6779 :
_billustration ;
_c29 cm.
500 _aIEEE Transactions on Power Electronics, vol. 37, no. 6, pages 6765-6779, June 2022.
700 _aHuang, Yang.
_eauthor.
_953630
700 _aWalden, Jared.
_eauthor.
_953631
700 _aZhang, Ximu.
_eauthor.
_953632
700 _aYan, Yu.
_eauthor.
_953633
700 _aBai, Hua.
_eauthor.
_953634
700 _aJin, Fanning.
_eauthor.
_953635
700 _aCheng, Bing.
_eauthor.
_953636
942 _2ddc
_cPER
999 _c19427
_d19427